| 000 | 00694nam a22002057a 4500 | ||
|---|---|---|---|
| 003 | LK-CoDNM | ||
| 005 | 20241015095146.0 | ||
| 008 | 241015b |||||||| |||| 00| 0 eng d | ||
| 040 |
_aLK-CoDNM _dLK-CoDNM _eLK-CoDNM |
||
| 041 | _asin | ||
| 080 |
_aප්ර.න _b15.a |
||
| 245 |
_aනිළිය මාසික සගරාව-1953 _b2 කාණ්ඩය 4-6 කලාපය |
||
| 260 |
_aකෑගල්ල _bවිමල මුද්රණාලය _c1953 |
||
| 300 | _b40p. ; 24 cm | ||
| 650 | _aනිළිය මාසික සගරාව-1953 | ||
| 650 | _a2 කාණ්ඩය 4-6 කලාපය | ||
| 650 | _a1953 | ||
| 650 | _aප්ර.න 15.a | ||
| 942 | _cBK | ||
| 999 |
_c219419 _d219419 |
||